[Event "Berlin Spandau op"]
[Site "Berlin"]
[Date "2019.12.29"]
[Round "5"]
[White "Reyer, Ulli"]
[Black "Fidorek, Michal"]
[Result "1/2-1/2"]
[WhiteElo "2075"]
[BlackElo "2310"]
[PlyCount "66"]
[EventDate "2019.12.27"]
[EventType "swiss"]
[EventRounds "7"]
[EventCountry "GER"]
[SourceTitle "CBM 194 Extra"]
[Source "ChessBase"]
[SourceDate "2020.03.31"]
[SourceVersion "1"]
[SourceVersionDate "2020.03.31"]
[SourceQuality "1"]

1. e4 c5 2. Nf3 Nc6 3. Bb5 g6 4. Bxc6 dxc6 5. d3 Bg7 6. h3 e5 7. Be3 b6 8. Nc3 Ne7 9. Qd2 h6 10. Nh2 Be6 11. 0-0-0 Qd7 12. f4 exf4 13. Bxf4 g5 14. Bg3 0-0-0 15. h4 c4 16. Nf3 cxd3 17. cxd3 g4 18. Qf4 Kb7 19. Ne5 Ng6 20. Nxd7 Nxf4 21. Nc5+ bxc5 22. Bxf4 c4 23. dxc4 Bxc4 24. Rxd8 Rxd8 25. Rd1 Kc8 26. Rxd8+ Kxd8 27. Kd2 Ke7 28. b3 Bf1 29. g3 h5 30. Nd1 Bg2 31. Kd3 Bf1+ 32. Kd2 Bg2 33. Kd3 Bf1+ 1/2-1/2

[Event "Berlin Spandau op"]
[Site "Berlin"]
[Date "2019.12.28"]
[Round "4"]
[White "Fidorek, Michal"]
[Black "Balov, Darko"]
[Result "1-0"]
[WhiteElo "2310"]
[BlackElo "2094"]
[PlyCount "69"]
[EventDate "2019.12.27"]
[EventType "swiss"]
[EventRounds "7"]
[EventCountry "GER"]
[SourceTitle "CBM 194 Extra"]
[Source "ChessBase"]
[SourceDate "2020.03.31"]
[SourceVersion "1"]
[SourceVersionDate "2020.03.31"]
[SourceQuality "1"]

1. e4 c6 2. d4 d5 3. exd5 cxd5 4. Bd3 Nc6 5. c3 Nf6 6. h3 e6 7. Nf3 Be7 8. 0-0 a6 9. Bf4 0-0 10. Nbd2 Nd7 11. Re1 h6 12. Nf1 b5 13. N1h2 Re8 14. Ng4 Nf6 15. Nge5 Bb7 16. Nxc6 Bxc6 17. Ne5 Qb6 18. Bc2 b4 19. Nxc6 Qxc6 20. Ba4 Qb6 21. Bxe8 Rxe8 22. cxb4 Bxb4 23. Re2 Ne4 24. Rc1 Qa5 25. a3 Be7 26. Qb3 Bf6 27. Bc7 Qb5 28. Qxb5 axb5 29. Be5 Kh7 30. Bxf6 gxf6 31. Rc6 Rb8 32. Rec2 Kg6 33. Rc8 Rb6 34. f3 Ng3 35. Rg8+ 1-0

[Event "Berlin Spandau op"]
[Site "Berlin"]
[Date "2019.12.27"]
[Round "2"]
[White "Fidorek, Michal"]
[Black "Fuchs, Dominik"]
[Result "1-0"]
[WhiteElo "2310"]
[BlackElo "1967"]
[PlyCount "63"]
[EventDate "2019.12.27"]
[EventType "swiss"]
[EventRounds "7"]
[EventCountry "GER"]
[SourceTitle "CBM 194 Extra"]
[Source "ChessBase"]
[SourceDate "2020.03.31"]
[SourceVersion "1"]
[SourceVersionDate "2020.03.31"]
[SourceQuality "1"]

1. e4 e5 2. Nf3 Nc6 3. Bb5 a6 4. Ba4 Nf6 5. 0-0 Be7 6. Re1 b5 7. Bb3 d6 8. a4 Bd7 9. c3 0-0 10. d4 h6 11. Nbd2 Re8 12. Nf1 Bf8 13. Ng3 Na5 14. Bc2 c5 15. d5 c4 16. h3 Nb7 17. Be3 Be7 18. Qd2 Qc7 19. Nh4 Nxd5 20. exd5 Bxh4 21. Bxh6 Qd8 22. Be3 g6 23. axb5 axb5 24. Rxa8 Qxa8 25. Bg5 Bxg5 26. Qxg5 Qd8 27. Qh6 Qf6 28. Ne4 Qe7 29. Re3 Ra8 30. Rf3 f5 31. Qxg6+ Qg7 32. Nf6+ 1-0